000 00336nam a2200145Ia 4500
008 240624s9999 xx 000 0 und d
041 _aeng
082 _a006.4 DUD
100 _aDUDA RICHARD O
245 _aPATTERN CLASSIFICATION
250 _a(2nd ed.)
260 _c2004
_aNew York
_bJohn Wiley
300 _axx, : 654
365 _cRS
999 _c1441
_d1441